000 00740nam a2200313Ia 4500
008 210210b2013 xxu||||| |||| 00| 0 eng d
020 _a9788184842326
041 _aeng
082 _a658.3 AHUH
100 _aAHUJA (Shagun)
245 _aHuman resource management: a future perspective
260 _aNew Delhi
_bRegal Publications
_c2013
300 _axii, 372
650 _aworking
650 _awork
650 _awomen
650 _aresource
650 _arelations
650 _aperspective
650 _amanagement:
650 _aHuman
650 _aHRM
650 _afuture
650 _aecofeminism
650 _aa
690 _aHuman Resource Management
700 _aSHARMA (R K) Ed
906 _a067849
999 _c152158
_d152158